| 000 | 00672nam a22001817a 4500 | ||
|---|---|---|---|
| 999 |
_c184457 _d184457 |
||
| 005 | 20220120151755.0 | ||
| 010 | _aENG-131278 | ||
| 020 |
_a978-93-89728-47-7 _c270.00 |
||
| 035 | _aEN-114810 | ||
| 037 | _bDBAD | ||
| 082 | _a174.93 | ||
| 100 | _aKamal, Piyush | ||
| 245 |
_aThe Principles for Ethics, Integrity & Aptitude: _bA Complete manual for GS Paper-IV/ _cPiyush Kamal |
||
| 260 |
_aNew Delhi _bUnique Publishers Pvt. Ltd _c2022 |
||
| 270 |
_bNew Delhi _aJ-2/1, Block B-1, Mohan Cooperative Industrial Estate, Mathura Road _e110044 _k41076666, 8744061818 _minfo@uniquepublishers.in |
||
| 300 |
_a282p. _c24cm(pbk) |
||
| 942 |
_2ddc _cEN _h174.93 _mKAM |
||